000 01507nam a2200397 i 4500
001 bg
003 KOSZ 005
005 20230109095647.0
008 980702s1993 pl a |000 0 pol
015 _aPB 1996/1541
035 _a(OCoLC)751348749
040 _aWA N
_cKOSZ 005/HR
_dKOSZ 005/HR
041 1 _apol
_heng
080 _a616-099-053.2-084
080 _a614.87
080 _a546.3/.9
245 0 0 _aZapobieganie zatruciu ołowiem u małych dzieci /
_c[red. William L. Roper ; przeł. z ang. Jacek Jakubowski ; Państwowa Inspekcja Ochrony Środowiska].
246 3 1 _aPreventing lead poisoning in young children : a statement by the centers for disease control - October 1991.
260 _aLegnica :
_bFundacja na Rzecz Dzieci Zagłębia Miedziowego,
_c1993.
300 _a145 s. :
_bwykr. ;
_c25 cm.
380 _aKsiążki.
500 _aTyt. równol. : Preventing lead poisoning in young children : a statement by the centers for disease control - October 1991.
650 4 _aDzieci
650 4 _aOłów
650 4 _aWpływ na zdrowie
650 4 _aZapobieganie
650 4 _aToksykologia
655 4 _aPoradnik
658 _aMedycyna i zdrowie
658 _aChemia
650 4 _aZatrucie metalami
700 1 _aJakubowski, Jacek.
_eTł.
700 1 _aRoper, William L.
_eRed.
856 _uhttp://koha.tu.koszalin.pl/cgi-bin/koha/opac-detail.pl?biblionumber=30341
_yKatalog online BPK
942 _2UKD
_cKS
999 _c30341
_d30341